000 00731cab a2200241 4500
001 WB2741-08
008 090401t1991 xxu||||| |||| 00| 0 eng d
035 _a(Sirsi) u20566
041 _aeng
245 _a£185m restoration grants for cathedrals
260 _c1991
350 _a0
490 _aTimes
_v24 October 1991, 4
490 _aDaily Telegraph
_v24 October 1991, 6(2)
520 _aEnglish Heritage has announced a £2m restoration grants for repairs to 35 out of 61 Church of England and Roman Catholic cathedrals. Lists the top ten grants.
650 _aCATHEDRALS
650 _aENGLISH HERITAGE
650 _aGRANTS
650 _aREPAIRS
690 _aCONSERVATION
942 _n0
948 _c04/03/1997
999 _c13778
_d13778